La santa mafia : el expediente secreto del Opus Dei /

Guardado en:
Bibliografiske detaljer
Autores principales: Le Vaillant, Yvon, Le Vaillant, Anne (colaboración)
Format: Bog
Sprog:spansk
Udgivet: México : Editores Asociados, 1972, c1972
Serier:(Historia Actual)
Fag:
Tags: Tilføj Tag
Ingen Tags, Vær først til at tagge denne postø!

MARC

LEADER 00000nam^a2200000^a^4500
001 000144247
005 20250521000000.0
009 20260310095753.35
037 |a Acervo ITESO - Biblioteca 
041 |a ESP 
082 |a 255. 741  |b LEV 
100 |a Le Vaillant, Yvon 
100 |a Le Vaillant, Anne  |e (colaboración) 
245 1 3 |a La santa mafia :  |b el expediente secreto del Opus Dei /  |c Y. Le Vaillant ; colaboración de A. Le Vaillant ; tr. por José Fernández Valencia. 
264 4 |a México :  |b Editores Asociados,  |c 1972, c1972 
300 |a 339 p. 
336 |a texto  |b txt  |2 rdacontenido 
337 |a sin mediación  |b n  |2 rdamedio 
338 |a volumen  |b nc  |2 rdasoporte 
440 1 |a (Historia Actual) 
500 |a Traducción de: Sainte maffia. Le dossier de L'Opus Dei 
649 |a XX 
650 |a Religiosos Españoles 
650 |a Opus Dei -  |x Tema Principal 
650 |a Monasticismo y Ordenes Religiosas 
650 |a Iglesia y Estado 
650 |a Iglesia Católica en España 
650 |a Catolicismo 
650 |a Cristianismo 
650 |a Política y Religión 
650 |a Religión 
650 |a Sociología de la Religión 
650 |a Sociología de la Cultura 
600 |a Escrivá de Balaguer, Josemaría,  |c Santo 
910 |a Fondo General 
920 |a Impresos - Libros 
930 |a Colección General 
905 |a 101 
901 |a 0500073286  |b IT1  |c ACC  |u 20250521 
902 |a https://opac.biblio.iteso.mx/vufind/Record/000144247